[Event "DEM U10 2024"]
[Site "Willingen GER"]
[Date "2024.05.19"]
[Round "2"]
[White "Shivkumar, Shreyas"]
[Black "Fattori Dittmar, Luca"]
[Result "1-0"]
[Termination "normal"]
[Board "8"]
[WhiteElo "1728"]
[BlackElo "1782"]
[WhiteClock "01:31:18"]
[BlackClock "01:20:37"]
[PlyCount "121"]
[WhiteFideId "34638407"]
[BlackFideId "34678883"]
[EventCountry "GER"]
[EventRounds "11"]
[EventType "swiss"]
[EventDate "2024.05.18"]

1. e4 {[%clk 01:15:58]} {[%emt 00:00:01]} e5 {[%clk 01:15:54]} {[%emt
00:00:07]} 2. Nf3 {[%clk 01:16:15]} {[%emt 00:00:13]} Nc6 {[%clk 01:16:08]}
{[%emt 00:00:16]} 3. d4 {[%clk 01:16:32]} {[%emt 00:00:11]} exd4 {[%clk
01:16:32]} {[%emt 00:00:08]} 4. Nxd4 {[%clk 01:16:56]} {[%emt 00:00:06]} Bc5
{[%clk 01:16:55]} {[%emt 00:00:07]} 5. Nb3 {[%clk 01:17:22]} {[%emt 00:00:04]}
Bb6 {[%clk 01:17:11]} {[%emt 00:00:13]} 6. Nc3 {[%clk 01:17:24]} {[%emt
00:00:27]} Nf6 {[%clk 01:17:09]} {[%emt 00:00:33]} 7. Qe2 {[%clk 01:17:47]}
{[%emt 00:00:08]} O-O {[%clk 01:17:02]} {[%emt 00:00:37]} 8. Bg5 {[%clk
01:18:11]} {[%emt 00:00:05]} h6 {[%clk 01:16:48]} {[%emt 00:00:45]} 9. Bh4
{[%clk 01:18:30]} {[%emt 00:00:11]} g5 {[%clk 01:16:16]} {[%emt 00:01:01]} 10.
Bg3 {[%clk 01:18:38]} {[%emt 00:00:22]} Re8 {[%clk 01:16:25]} {[%emt 00:00:22]}
11. O-O-O {[%clk 01:19:00]} {[%emt 00:00:08]} d6 {[%clk 01:16:13]} {[%emt
00:00:41]} 12. h4 {[%clk 01:18:38]} {[%emt 00:00:51]} g4 {[%clk 01:15:57]}
{[%emt 00:00:46]} 13. e5 {[%clk 01:17:50]} {[%emt 00:01:19]} Nxe5 {[%clk
01:16:12]} {[%emt 00:00:16]} 14. Bxe5 {[%clk 01:18:14]} {[%emt 00:00:06]} Rxe5
{[%clk 01:16:33]} {[%emt 00:00:08]} 15. Qxe5 {[%clk 01:18:39]} {[%emt
00:00:05]} dxe5 {[%clk 01:16:37]} {[%emt 00:00:26]} 16. Rxd8+ {[%clk 01:19:03]}
{[%emt 00:00:06]} Kg7 {[%clk 01:17:00]} {[%emt 00:00:08]} 17. Bd3 {[%emt
00:00:36]} c6 {[%clk 01:17:03]} {[%emt 00:00:25]} 18. Rd6 {[%clk 01:18:33]}
{[%emt 00:00:55]} Bc7 {[%clk 01:17:18]} {[%emt 00:00:15]} 19. Rxf6 {[%emt
00:00:04]} Kxf6 {[%clk 01:17:34]} {[%emt 00:00:11]} 20. Ne4+ {[%clk 01:19:17]}
{[%emt 00:00:15]} Ke7 {[%clk 01:17:24]} {[%emt 00:00:40]} 21. Ng3 {[%clk
01:19:29]} {[%emt 00:00:18]} Kf6 {[%clk 01:17:14]} {[%emt 00:00:40]} 22. Rf1
{[%clk 01:19:24]} {[%emt 00:00:32]} Bb6 {[%clk 01:16:28]} {[%emt 00:01:19]} 23.
f3 {[%clk 01:19:34]} {[%emt 00:00:20]} Be3+ {[%clk 01:16:44]} {[%emt 00:00:13]}
24. Kb1 {[%clk 01:20:00]} {[%emt 00:00:05]} Kg7 {[%clk 01:15:35]} {[%emt
00:01:36]} 25. Bf5 {[%clk 01:19:46]} {[%emt 00:00:47]} Bf4 {[%clk 01:14:43]}
{[%emt 00:01:22]} 26. Bxc8 {[%clk 01:20:05]} {[%emt 00:00:12]} Rxc8 {[%clk
01:13:42]} {[%emt 00:01:31]} 27. Nh5+ {[%clk 01:20:26]} {[%emt 00:00:08]} Kg6
{[%clk 01:13:47]} {[%emt 00:00:25]} 28. Nxf4+ {[%clk 01:20:49]} {[%emt
00:00:07]} exf4 {[%clk 01:14:13]} {[%emt 00:00:05]} 29. fxg4 {[%emt 00:01:01]}
h5 {[%clk 01:13:44]} 30. gxh5+ {[%clk 01:21:36]} {[%emt 00:00:10]} Kxh5 {[%clk
01:13:50]} {[%emt 00:00:24]} 31. Rxf4 {[%clk 01:22:00]} {[%emt 00:00:06]} Rc7
{[%clk 01:13:33]} {[%emt 00:00:47]} 32. a3 {[%clk 01:22:17]} {[%emt 00:00:13]}
c5 {[%clk 01:13:40]} {[%emt 00:00:23]} 33. Rf5+ {[%clk 01:22:26]} {[%emt
00:00:20]} Kxh4 {[%clk 01:13:58]} {[%emt 00:00:12]} 34. Rxc5 {[%clk 01:22:51]}
{[%emt 00:00:05]} Rxc5 {[%clk 01:14:18]} {[%emt 00:00:11]} 35. Nxc5 {[%clk
01:23:05]} {[%emt 00:00:16]} b6 {[%emt 00:00:54]} 36. Ne4 {[%clk 01:22:54]}
{[%emt 00:00:01]} f5 {[%clk 01:14:37]} {[%emt 00:00:27]} 37. Nd6 {[%clk
01:23:18]} {[%emt 00:00:05]} f4 {[%clk 01:14:54]} {[%emt 00:00:13]} 38. Ne4
{[%clk 01:23:27]} {[%emt 00:00:22]} Kg4 {[%clk 01:15:06]} {[%emt 00:00:18]} 39.
Kc1 {[%clk 01:23:45]} {[%emt 00:00:12]} f3 {[%clk 01:14:44]} {[%emt 00:00:52]}
40. gxf3+ {[%clk 01:24:02]} {[%emt 00:00:13]} Kxf3 {[%clk 01:15:03]} {[%emt
00:00:10]} 41. Nd6 {[%clk 01:24:12]} {[%emt 00:00:20]} Ke3 {[%clk 01:15:14]}
{[%emt 00:00:18]} 42. Nc8 {[%clk 01:24:26]} {[%emt 00:00:17]} Kd4 {[%clk
01:15:18]} {[%emt 00:00:26]} 43. Nxa7 {[%clk 01:24:46]} {[%emt 00:00:10]} Kc5
{[%clk 01:15:40]} {[%emt 00:00:09]} 44. Kd2 {[%clk 01:25:08]} {[%emt 00:00:08]}
Kd4 {[%clk 01:15:42]} {[%emt 00:00:28]} 45. Nc8 {[%clk 01:25:22]} {[%emt
00:00:15]} b5 {[%clk 01:16:04]} {[%emt 00:00:09]} 46. Nd6 {[%clk 01:25:47]}
{[%emt 00:00:04]} Kc5 {[%clk 01:16:22]} {[%emt 00:00:12]} 47. Nxb5 {[%clk
01:26:13]} {[%emt 00:00:05]} Kxb5 {[%clk 01:16:46]} {[%emt 00:00:05]} 48. b4
{[%clk 01:26:36]} {[%emt 00:00:07]} Kc4 {[%clk 01:17:04]} {[%emt 00:00:13]} 49.
Kc1 {[%clk 01:27:01]} {[%emt 00:00:04]} Kb5 {[%clk 01:17:25]} {[%emt 00:00:10]}
50. Kb2 {[%clk 01:27:14]} {[%emt 00:00:16]} Ka4 {[%clk 01:17:36]} {[%emt
00:00:19]} 51. c3 {[%clk 01:27:31]} {[%emt 00:00:10]} Kb5 {[%clk 01:17:59]}
{[%emt 00:00:11]} 52. Kb3 {[%clk 01:27:55]} {[%emt 00:00:06]} Kc6 {[%emt
00:00:10]} 53. Kc4 {[%clk 01:28:23]} Kb6 {[%clk 01:18:42]} {[%emt 00:00:07]}
54. b5 {[%clk 01:28:43]} {[%emt 00:00:11]} Kb7 {[%clk 01:19:00]} {[%emt
00:00:11]} 55. Kc5 {[%clk 01:29:05]} {[%emt 00:00:08]} Kc7 {[%clk 01:19:26]}
{[%emt 00:00:04]} 56. a4 {[%clk 01:29:31]} {[%emt 00:00:04]} Kb7 {[%clk
01:19:50]} {[%emt 00:00:06]} 57. a5 {[%clk 01:29:57]} {[%emt 00:00:05]} Ka7
{[%clk 01:19:51]} {[%emt 00:00:29]} 58. b6+ {[%clk 01:30:16]} {[%emt 00:00:11]}
Ka6 {[%clk 01:20:07]} {[%emt 00:00:13]} 59. Kc6 {[%clk 01:30:31]} {[%emt
00:00:15]} Kxa5 {[%clk 01:20:27]} {[%emt 00:00:11]} 60. b7 {[%clk 01:30:58]}
{[%emt 00:00:03]} Ka4 {[%clk 01:20:37]} {[%emt 00:00:19]} 61. b8=Q {[%clk
01:31:18]} {[%emt 00:00:10]} 1-0

[Event "DEM U10 2024"]
[Site "Willingen GER"]
[Date "2024.05.19"]
[Round "2"]
[White "Stojanoski, Stefan"]
[Black "Stoyanov, Victor"]
[Result "0-1"]
[Termination "normal"]
[Board "9"]
[WhiteElo "1638"]
[BlackElo "1658"]
[WhiteClock "00:15:23"]
[BlackClock "00:23:39"]
[PlyCount "57"]
[WhiteFideId "34632948"]
[BlackFideId "5401240"]
[EventCountry "GER"]
[EventRounds "11"]
[EventType "swiss"]
[EventDate "2024.05.18"]

1. e4 {[%clk 01:15:59]} c5 {[%clk 01:15:59]} {[%emt 00:00:02]} 2. Nf3 {[%clk
01:16:22]} {[%emt 00:00:06]} d6 {[%clk 01:16:16]} {[%emt 00:00:14]} 3. d4
{[%clk 01:16:48]} {[%emt 00:00:04]} cxd4 {[%clk 01:16:42]} {[%emt 00:00:04]} 4.
Nxd4 {[%clk 01:17:12]} {[%emt 00:00:06]} Nf6 {[%clk 01:17:08]} {[%emt
00:00:04]} 5. Nc3 {[%clk 01:17:37]} {[%emt 00:00:05]} a6 {[%clk 01:17:34]}
{[%emt 00:00:04]} 6. f3 {[%clk 01:16:53]} {[%emt 00:01:14]} e5 {[%clk
01:17:57]} {[%emt 00:00:07]} 7. Nb3 {[%clk 01:17:17]} {[%emt 00:00:06]} Be6
{[%clk 01:18:01]} {[%emt 00:00:26]} 8. Be3 {[%clk 01:17:34]} {[%emt 00:00:13]}
Be7 {[%clk 01:18:25]} {[%emt 00:00:06]} 9. Be2 {[%clk 01:15:40]} {[%emt
00:02:23]} O-O {[%clk 01:17:59]} {[%emt 00:00:57]} 10. O-O {[%clk 01:13:13]}
{[%emt 00:02:57]} Nbd7 {[%clk 01:17:09]} {[%emt 00:01:20]} 11. Qd2 {[%clk
01:11:17]} {[%emt 00:02:26]} Rc8 {[%clk 01:16:16]} {[%emt 00:01:23]} 12. Qe1
{[%clk 00:58:21]} {[%emt 00:13:21]} b5 {[%clk 01:11:57]} {[%emt 00:04:54]} 13.
Rc1 {[%clk 00:56:49]} {[%emt 00:02:02]} Nb6 {[%clk 01:09:23]} {[%emt 00:03:04]}
14. a3 {[%clk 00:52:28]} {[%emt 00:04:51]} Nc4 {[%clk 01:04:34]} {[%emt
00:05:19]} 15. Bxc4 {[%clk 00:50:02]} {[%emt 00:02:55]} bxc4 {[%clk 01:00:27]}
{[%emt 00:04:38]} 16. Nd2 {[%clk 00:49:35]} {[%emt 00:00:56]} Rb8 {[%clk
00:58:36]} {[%emt 00:02:21]} 17. Rb1 {[%clk 00:48:36]} {[%emt 00:01:30]} Qc7
{[%clk 00:53:02]} {[%emt 00:06:03]} 18. Qf2 {[%clk 00:44:43]} {[%emt 00:04:22]}
Rb7 {[%clk 00:50:04]} {[%emt 00:03:30]} 19. Nd1 {[%clk 00:33:14]} {[%emt
00:11:58]} Rfb8 {[%clk 00:45:49]} {[%emt 00:04:44]} 20. c3 {[%clk 00:31:15]}
{[%emt 00:02:30]} d5 {[%clk 00:38:08]} {[%emt 00:08:10]} 21. exd5 {[%clk
00:30:14]} {[%emt 00:01:31]} Nxd5 {[%clk 00:37:55]} {[%emt 00:00:44]} 22. Ne4
{[%clk 00:26:41]} {[%emt 00:04:03]} Nxe3 {[%clk 00:35:19]} {[%emt 00:03:06]}
23. Nxe3 {[%clk 00:26:13]} {[%emt 00:00:58]} Bxa3 {[%clk 00:34:28]} {[%emt
00:01:21]} 24. Qg3 {[%clk 00:11:56]} {[%emt 00:14:46]} Bc5 {[%clk 00:31:30]}
{[%emt 00:03:29]} 25. Rfe1 {[%clk 00:07:06]} {[%emt 00:05:19]} Rxb2 {[%clk
00:28:42]} {[%emt 00:03:20]} 26. Rxb2 {[%clk 00:05:59]} {[%emt 00:01:37]} Rxb2
{[%clk 00:28:18]} {[%emt 00:00:53]} 27. Nf6+ {[%clk 00:01:25]} {[%emt
00:05:02]} Kf8 {[%clk 00:26:11]} {[%emt 00:02:39]} 28. Nxh7+ {[%clk 00:01:36]}
{[%emt 00:00:18]} Ke8 {[%clk 00:23:39]} {[%emt 00:03:02]} 29. Qxg7 {[%clk
00:15:23]} {[%emt 00:01:44]} 0-1

[Event "DEM U10 2024"]
[Site "Willingen GER"]
[Date "2024.05.19"]
[Round "2"]
[White "Bergmann, Rafael Antonio"]
[Black "Jüngling, Leonard"]
[Result "0-1"]
[Termination "normal"]
[Board "10"]
[WhiteElo "1776"]
[BlackElo "1446"]
[WhiteClock "00:57:27"]
[BlackClock "01:16:01"]
[PlyCount "66"]
[WhiteFideId "34635076"]
[BlackFideId "34669116"]
[EventCountry "GER"]
[EventRounds "11"]
[EventType "swiss"]
[EventDate "2024.05.18"]

1. e4 {[%clk 01:15:56]} {[%emt 00:00:03]} e5 {[%clk 01:15:57]} {[%emt
00:00:04]} 2. Nf3 {[%clk 01:16:15]} {[%emt 00:00:10]} Nc6 {[%clk 01:16:04]}
{[%emt 00:00:24]} 3. d4 {[%clk 01:16:13]} {[%emt 00:00:32]} exd4 {[%clk
01:16:27]} {[%emt 00:00:06]} 4. Nxd4 {[%clk 01:16:31]} {[%emt 00:00:10]} Qh4
{[%clk 01:16:10]} {[%emt 00:00:50]} 5. Nc3 {[%clk 01:15:23]} {[%emt 00:01:37]}
Bb4 {[%clk 01:16:34]} {[%emt 00:00:07]} 6. Qd3 {[%clk 01:14:20]} {[%emt
00:01:32]} Nf6 {[%clk 01:14:52]} {[%emt 00:02:13]} 7. Nxc6 {[%clk 01:13:22]}
{[%emt 00:01:27]} dxc6 {[%clk 01:15:13]} {[%emt 00:00:10]} 8. e5 {[%clk
01:12:34]} {[%emt 00:01:17]} Qe4+ {[%clk 01:15:11]} {[%emt 00:00:33]} 9. Qxe4
{[%clk 01:12:56]} {[%emt 00:00:08]} Nxe4 {[%clk 01:15:27]} {[%emt 00:00:14]}
10. Bd2 {[%clk 01:12:53]} {[%emt 00:00:33]} Nxd2 {[%clk 01:15:14]} {[%emt
00:00:43]} 11. Kxd2 {[%clk 01:10:55]} {[%emt 00:02:28]} Bf5 {[%clk 01:14:48]}
{[%emt 00:00:54]} 12. Rd1 {[%clk 01:10:01]} {[%emt 00:01:25]} Rd8+ {[%clk
01:15:09]} {[%emt 00:00:11]} 13. Kc1 {[%clk 01:10:18]} {[%emt 00:00:12]} Rxd1+
{[%clk 01:14:59]} {[%emt 00:00:40]} 14. Nxd1 {[%clk 01:03:06]} {[%emt
00:07:42]} Ke7 {[%clk 01:14:48]} {[%emt 00:00:41]} 15. Ne3 {[%clk 01:02:37]}
{[%emt 00:00:57]} Be6 {[%clk 01:13:54]} {[%emt 00:01:26]} 16. a3 {[%clk
01:01:56]} {[%emt 00:01:11]} Bc5 {[%clk 01:14:02]} {[%emt 00:00:22]} 17. Kd2
{[%clk 01:02:12]} {[%emt 00:00:13]} Rd8+ {[%clk 01:14:23]} {[%emt 00:00:10]}
18. Bd3 {[%clk 01:02:05]} {[%emt 00:00:36]} b5 {[%clk 01:14:11]} {[%emt
00:00:43]} 19. c3 {[%clk 01:01:35]} {[%emt 00:00:59]} Bc4 {[%clk 01:13:42]}
{[%emt 00:01:00]} 20. Nxc4 {[%clk 00:59:45]} {[%emt 00:02:19]} bxc4 {[%clk
01:14:06]} {[%emt 00:00:07]} 21. Ke2 {[%clk 00:58:51]} {[%emt 00:01:23]} cxd3+
{[%clk 01:14:29]} {[%emt 00:00:07]} 22. Kf3 {[%clk 00:58:49]} {[%emt 00:00:31]}
d2 {[%clk 01:14:48]} {[%emt 00:00:13]} 23. Rd1 {[%clk 00:59:12]} {[%emt
00:00:07]} Ke6 {[%clk 01:14:44]} {[%emt 00:00:34]} 24. b4 {[%clk 00:58:52]}
{[%emt 00:00:49]} Bb6 {[%clk 01:15:00]} {[%emt 00:00:15]} 25. c4 {[%clk
00:58:09]} {[%emt 00:01:13]} c5 {[%clk 01:15:05]} {[%emt 00:00:24]} 26. Ke2
{[%clk 00:57:28]} {[%emt 00:01:10]} Rd4 {[%clk 01:14:46]} {[%emt 00:00:51]} 27.
f3 {[%clk 00:56:26]} {[%emt 00:01:31]} Kxe5 {[%clk 01:14:59]} {[%emt 00:00:18]}
28. Rxd2 {[%clk 00:56:22]} {[%emt 00:00:33]} Rxc4 {[%clk 01:14:58]} {[%emt
00:00:31]} 29. bxc5 {[%clk 00:56:38]} {[%emt 00:00:15]} Rxc5 {[%clk 01:15:08]}
{[%emt 00:00:20]} 30. Rd7 {[%clk 00:56:53]} {[%emt 00:00:13]} Ke6 {[%clk
01:15:33]} {[%emt 00:00:07]} 31. Rd8 {[%clk 00:57:00]} {[%emt 00:00:23]} Ra5
{[%clk 01:15:14]} {[%emt 00:00:49]} 32. Rg8 {[%clk 00:57:08]} {[%emt 00:00:21]}
g6 {[%clk 01:15:36]} {[%emt 00:00:09]} 33. Rh8 {[%clk 00:57:27]} {[%emt
00:00:10]} h5 {[%clk 01:16:01]} {[%emt 00:00:06]} 0-1

[Event "DEM U10 2024"]
[Site "Willingen GER"]
[Date "2024.05.19"]
[Round "2"]
[White "Bentele, Otto"]
[Black "Barsov, Mikhail"]
[Result "0-1"]
[Termination "normal"]
[Board "11"]
[WhiteElo "1538"]
[BlackElo "1708"]
[WhiteClock "00:50:15"]
[BlackClock "00:54:02"]
[PlyCount "90"]
[WhiteFideId "34653643"]
[BlackFideId "34623906"]
[EventCountry "GER"]
[EventRounds "11"]
[EventType "swiss"]
[EventDate "2024.05.18"]

1. e4 {[%clk 01:15:57]} {[%emt 00:00:02]} c6 {[%clk 01:15:58]} {[%emt
00:00:03]} 2. d4 {[%clk 01:16:16]} {[%emt 00:00:11]} d5 {[%clk 01:16:24]}
{[%emt 00:00:04]} 3. e5 {[%clk 01:16:33]} {[%emt 00:00:13]} c5 {[%clk
01:16:51]} {[%emt 00:00:04]} 4. c3 {[%clk 01:16:48]} {[%emt 00:00:14]} Nc6
{[%clk 01:17:16]} {[%emt 00:00:05]} 5. Nf3 {[%clk 01:16:50]} {[%emt 00:00:27]}
cxd4 {[%clk 01:17:41]} {[%emt 00:00:06]} 6. cxd4 {[%clk 01:17:01]} {[%emt
00:00:18]} Bg4 {[%clk 01:18:07]} {[%emt 00:00:05]} 7. Be2 {[%clk 01:17:11]}
{[%emt 00:00:20]} e6 {[%clk 01:18:33]} {[%emt 00:00:04]} 8. Nc3 {[%clk
01:17:04]} {[%emt 00:00:36]} Nge7 {[%clk 01:18:56]} {[%emt 00:00:07]} 9. O-O
{[%clk 01:17:08]} {[%emt 00:00:26]} Nf5 {[%clk 01:17:28]} {[%emt 00:01:59]} 10.
Be3 {[%clk 01:17:02]} {[%emt 00:00:36]} Be7 {[%clk 01:16:22]} {[%emt 00:01:35]}
11. Qb3 {[%clk 01:11:10]} {[%emt 00:06:22]} Bxf3 {[%clk 01:12:40]} {[%emt
00:04:12]} 12. Bxf3 {[%clk 01:11:14]} {[%emt 00:00:26]} Nfxd4 {[%clk 01:08:57]}
{[%emt 00:04:12]} 13. Bxd4 {[%clk 01:09:48]} {[%emt 00:01:56]} Nxd4 {[%clk
01:09:09]} {[%emt 00:00:19]} 14. Qxb7 {[%clk 01:09:14]} {[%emt 00:01:04]} Nxf3+
{[%clk 01:07:06]} {[%emt 00:02:34]} 15. gxf3 {[%clk 01:09:19]} {[%emt
00:00:24]} O-O {[%clk 01:07:09]} {[%emt 00:00:28]} 16. Qb3 {[%clk 01:08:41]}
{[%emt 00:01:07]} Rb8 {[%clk 01:05:08]} {[%emt 00:02:31]} 17. Qc2 {[%clk
01:08:50]} {[%emt 00:00:21]} Qd7 {[%clk 01:04:08]} {[%emt 00:01:30]} 18. Kh1
{[%clk 01:08:20]} {[%emt 00:01:00]} Rfc8 {[%clk 01:03:48]} {[%emt 00:00:49]}
19. Qd2 {[%clk 01:08:01]} {[%emt 00:00:51]} Qb7 {[%clk 01:02:23]} {[%emt
00:01:53]} 20. Rab1 {[%clk 01:07:21]} {[%emt 00:01:11]} Qc7 {[%clk 01:01:05]}
{[%emt 00:01:44]} 21. Qf4 {[%clk 01:02:15]} {[%emt 00:05:39]} Rb4 {[%clk
00:59:18]} {[%emt 00:02:15]} 22. Qg3 {[%clk 01:01:33]} {[%emt 00:01:15]} Bh4
{[%clk 00:58:09]} {[%emt 00:01:38]} 23. Qg2 {[%clk 01:01:34]} {[%emt 00:00:30]}
Qxe5 {[%clk 00:56:03]} {[%emt 00:02:37]} 24. Rfe1 {[%clk 01:00:55]} {[%emt
00:01:07]} Qg5 {[%clk 00:55:15]} {[%emt 00:01:18]} 25. Qxg5 {[%clk 01:00:53]}
{[%emt 00:00:33]} Bxg5 {[%clk 00:55:38]} {[%emt 00:00:07]} 26. a3 {[%clk
01:00:40]} {[%emt 00:00:44]} Rbb8 {[%clk 00:55:57]} {[%emt 00:00:10]} 27. Red1
{[%clk 00:58:53]} {[%emt 00:02:17]} Kf8 {[%clk 00:56:06]} {[%emt 00:00:20]} 28.
Kg2 {[%clk 00:56:06]} {[%emt 00:03:18]} Bf6 {[%clk 00:56:21]} {[%emt 00:00:14]}
29. h3 {[%clk 00:55:55]} {[%emt 00:00:42]} Ke7 {[%clk 00:56:33]} {[%emt
00:00:17]} 30. Kf1 {[%clk 00:55:54]} {[%emt 00:00:32]} Kd7 {[%clk 00:55:40]}
{[%emt 00:01:23]} 31. Ke2 {[%clk 00:52:53]} {[%emt 00:03:32]} Bxc3 {[%clk
00:55:41]} {[%emt 00:00:29]} 32. bxc3 {[%clk 00:53:06]} {[%emt 00:00:16]} Rxb1
{[%clk 00:56:07]} {[%emt 00:00:05]} 33. Rxb1 {[%clk 00:53:30]} {[%emt
00:00:05]} Rxc3 {[%clk 00:56:33]} {[%emt 00:00:05]} 34. Rb7+ {[%clk 00:53:14]}
{[%emt 00:00:44]} Rc7 {[%clk 00:57:00]} {[%emt 00:00:05]} 35. Rb2 {[%clk
00:52:53]} {[%emt 00:00:51]} Kd6 {[%clk 00:57:22]} {[%emt 00:00:07]} 36. f4
{[%clk 00:53:04]} {[%emt 00:00:19]} f6 {[%clk 00:57:46]} {[%emt 00:00:07]} 37.
Kd3 {[%clk 00:53:14]} {[%emt 00:00:19]} e5 {[%clk 00:58:07]} {[%emt 00:00:08]}
38. fxe5+ {[%clk 00:53:34]} {[%emt 00:00:11]} fxe5 {[%clk 00:58:33]} {[%emt
00:00:04]} 39. Rb3 {[%clk 00:53:34]} {[%emt 00:00:30]} Rf7 {[%clk 00:58:47]}
{[%emt 00:00:13]} 40. Ke2 {[%clk 00:53:26]} {[%emt 00:00:41]} d4 {[%clk
00:58:45]} {[%emt 00:00:32]} 41. f3 {[%clk 00:52:05]} {[%emt 00:01:51]} Rc7
{[%clk 00:58:53]} {[%emt 00:00:21]} 42. Kd2 {[%clk 00:51:01]} {[%emt 00:01:35]}
Kc6 {[%clk 00:56:36]} {[%emt 00:02:47]} 43. Kd3 {[%clk 00:50:40]} {[%emt
00:00:52]} Kd6 {[%clk 00:55:13]} {[%emt 00:01:53]} 44. Ke4 {[%clk 00:50:36]}
{[%emt 00:00:33]} Rf7 {[%clk 00:53:42]} {[%emt 00:01:58]} 45. Rd3 {[%clk
00:50:15]} {[%emt 00:00:54]} Rf4# {[%clk 00:54:02]} 0-1